| 000 | 00465nam a22001697a 4500 | ||
|---|---|---|---|
| 003 | CEME | ||
| 005 | 20210628203711.0 | ||
| 008 | 210324b xxu||||| |||| 00| 0 eng d | ||
| 020 | _a0-13-245325-8 | ||
| 040 | _c. | ||
| 082 | _a 004.16 SIN'E | ||
| 100 |
_aSingh, Avtar , Triebel, Walter A _966916 |
||
| 245 | _aThe 8086 and 80286 microprocessors , hardware software and interfacing | ||
| 260 |
_aNEWYORK _bMCGRAW HILL _c1996 |
||
| 300 | _a560P | ||
| 942 |
_cBK _2ddc |
||
| 999 |
_c574778 _d574778 |
||